Hội nghị - hội thảo. Phương pháp và kỹ năng tổ chức

Uloženo v:
Podrobná bibliografie
Médium: Kniha
Jazyk:Vietnamese
Vydáno: H. Lao động xã hội 2005
Edice:Viện nghiên cứu và đào tạo về quản lý
Témata:
Tagy: Přidat tag
Žádné tagy, Buďte první, kdo otaguje tento záznam!
Thư viện lưu trữ: Mạng thư viện Đại học Đà Nẵng
LEADER 01108nam a2200325 4500
001 000015101
003 11475
005 20120522100511.0
008 120522s2005 viesd
020 |c 39000đ 
041 0 |a vie 
082 |a 658.4  |b Hôi 
245 0 |a Hội nghị - hội thảo. Phương pháp và kỹ năng tổ chức  |c dịch và biên soạn: Kim Hoa, Hoàng Tùng 
260 |a H.  |b Lao động xã hội  |c 2005 
300 |a 263tr.  |c 19 cm 
490 |a Viện nghiên cứu và đào tạo về quản lý 
500 |a Tủ sách Nhà quản lý 
653 |a quản lý 
653 |a hội nghị 
653 |a hội thảo 
OWN |a LSP 
AVA |a UDN50  |b LSP  |d 658.4 Hôi  |e available  |t Error 5001 Not defined in file expand_doc_bib_avail.  |f 1  |g 0  |h N  |i 0  |k 1 
999 |a From the UDN01 
AVA |a UDN50  |b LSP  |d 658.4 Hôi  |e available  |t Error 5001 Not defined in file expand_doc_bib_avail.  |f 1  |g 0  |h N  |i 0  |k 1 
TYP |a Monograph 
TYP |a Printed language 
980 |a Mạng thư viện Đại học Đà Nẵng